<?xml version="1.0" encoding="UTF-8"?>
<record
    xmlns:xsi="http://www.w3.org/2001/XMLSchema-instance"
    xsi:schemaLocation="http://www.loc.gov/MARC21/slim http://www.loc.gov/standards/marcxml/schema/MARC21slim.xsd"
    xmlns="http://www.loc.gov/MARC21/slim">

  <leader>02413cam a22002775a 4500</leader>
  <controlfield tag="001">17985383</controlfield>
  <controlfield tag="005">20160123123133.0</controlfield>
  <controlfield tag="008">131231t2014    nyua   fr     001 0 eng d</controlfield>
  <datafield tag="020" ind1=" " ind2=" ">
    <subfield code="a">9780071826945 (hardback)</subfield>
  </datafield>
  <datafield tag="020" ind1=" " ind2=" ">
    <subfield code="a">0071826947</subfield>
  </datafield>
  <datafield tag="040" ind1=" " ind2=" ">
    <subfield code="a">DLC</subfield>
    <subfield code="b">eng</subfield>
    <subfield code="c">DLC</subfield>
    <subfield code="d">DLC</subfield>
    <subfield code="d">EG-ScBUE</subfield>
  </datafield>
  <datafield tag="082" ind1="0" ind2="4">
    <subfield code="a">690.068</subfield>
    <subfield code="2">22</subfield>
    <subfield code="b">LEV</subfield>
  </datafield>
  <datafield tag="100" ind1="1" ind2=" ">
    <subfield code="a">Levy, Sidney M.</subfield>
    <subfield code="9">23163</subfield>
  </datafield>
  <datafield tag="245" ind1="1" ind2="0">
    <subfield code="a">Construction operations manual of policies and procedures /</subfield>
    <subfield code="c">Sidney M. Levy, Andrew M. Civitello.</subfield>
  </datafield>
  <datafield tag="250" ind1=" " ind2=" ">
    <subfield code="a">5th ed. </subfield>
  </datafield>
  <datafield tag="260" ind1=" " ind2=" ">
    <subfield code="a">New York : </subfield>
    <subfield code="b">McGraw-Hill Education, </subfield>
    <subfield code="c">c.2014.</subfield>
  </datafield>
  <datafield tag="300" ind1=" " ind2=" ">
    <subfield code="a">(various pagings) :</subfield>
    <subfield code="b">ill. ;</subfield>
    <subfield code="c">25 cm.</subfield>
  </datafield>
  <datafield tag="500" ind1=" " ind2=" ">
    <subfield code="a">Includes index.</subfield>
  </datafield>
  <datafield tag="520" ind1=" " ind2=" ">
    <subfield code="a">"The latest methods for successfully managing construction operationsCut down on paperwork with this time-saving reference--and keep your construction operation running smoothly. Construction Operations Manual of Policies and Procedures, Fifth Edition has been completely updated to fit into today's design and construction environment. It contains step-by-step procedures and a series of new contract formats, checklists, forms, sample letters, and advice gleaned from the coauthors' decades-long experience in the construction industry This new edition updates the latest contract formats issued by the American Institute of Architects (A.I.A.), the Associated General Contractors of America (AGC), the Lean Construction Institute, and the Design Build Institute and Construction Management. Current OSHA regulations and legal precedents relating to dispute and claims are also included. Two new chapters added - Building Information Modeling  (BIM), and Claims, Disputes, Arbitration and Mediation. The Fifth Edition Features:  More than 150 sample letters, word-for-word letters, forms, and checklists in the book and available for download  New Chapter on Building Information Modeling  (BIM)  New Chapter on Claims,  Disputes, Arbitration and Mediation  Updated safety regulations and standards from OSHA Expanded section on change orders and claims and disputes Green building and sustainability section expanded and updated with 2011 LEED Certification requirements.</subfield>
  </datafield>
  <datafield tag="520" ind1=" " ind2=" ">
    <subfield code="a">"Step-by-step details and procedures for successfully managing construction operations.</subfield>
  </datafield>
  <datafield tag="650" ind1=" " ind2="7">
    <subfield code="a">Contractors&#x2019; operations.</subfield>
    <subfield code="2">BUEsh</subfield>
    <subfield code="9">39145</subfield>
  </datafield>
  <datafield tag="651" ind1=" " ind2=" ">
    <subfield code="2">BUEsh</subfield>
  </datafield>
  <datafield tag="653" ind1=" " ind2=" ">
    <subfield code="b">ENGGEN</subfield>
    <subfield code="c">July2015</subfield>
    <subfield code="c">January2016</subfield>
  </datafield>
  <datafield tag="700" ind1="1" ind2=" ">
    <subfield code="a">Civitello, Andrew M.,</subfield>
    <subfield code="d">1954-</subfield>
  </datafield>
  <datafield tag="942" ind1=" " ind2=" ">
    <subfield code="2">ddc</subfield>
  </datafield>
  <datafield tag="999" ind1=" " ind2=" ">
    <subfield code="c">20268</subfield>
    <subfield code="d">20240</subfield>
  </datafield>
  <datafield tag="952" ind1=" " ind2=" ">
    <subfield code="0">0</subfield>
    <subfield code="1">0</subfield>
    <subfield code="2">ddc</subfield>
    <subfield code="4">0</subfield>
    <subfield code="7">0</subfield>
    <subfield code="8">Baccah</subfield>
    <subfield code="a">MAIN</subfield>
    <subfield code="b">MAIN</subfield>
    <subfield code="c">1ST</subfield>
    <subfield code="d">2015-07-07</subfield>
    <subfield code="e">Purchase</subfield>
    <subfield code="g">792.00</subfield>
    <subfield code="h">21761</subfield>
    <subfield code="l">0</subfield>
    <subfield code="o">690.068 LEV</subfield>
    <subfield code="p">000039458</subfield>
    <subfield code="r">2025-07-15 00:00:00</subfield>
    <subfield code="v">990.00</subfield>
    <subfield code="y">BB</subfield>
  </datafield>
</record>
